<?xml version="1.0" encoding="UTF-8"?>
<record
    xmlns:xsi="http://www.w3.org/2001/XMLSchema-instance"
    xsi:schemaLocation="http://www.loc.gov/MARC21/slim http://www.loc.gov/standards/marcxml/schema/MARC21slim.xsd"
    xmlns="http://www.loc.gov/MARC21/slim">

  <leader>01010nam2a2200229   4500</leader>
  <controlfield tag="001">RU\NLR\bibl\1429935</controlfield>
  <controlfield tag="005">20250615221358.0</controlfield>
  <datafield tag="010" ind1=" " ind2=" ">
    <subfield code="a">5-94848-307-X</subfield>
    <subfield code="b">&#x422;. 3</subfield>
  </datafield>
  <datafield tag="035" ind1=" " ind2=" ">
    <subfield code="a">(NLR Aleph) 001421848</subfield>
  </datafield>
  <datafield tag="090" ind1=" " ind2=" ">
    <subfield code="a">1347685</subfield>
    <subfield code="c">1347685</subfield>
  </datafield>
  <datafield tag="100" ind1=" " ind2=" ">
    <subfield code="a">20091026d2005    |||y0rusy50      ca</subfield>
  </datafield>
  <datafield tag="101" ind1="0" ind2=" ">
    <subfield code="a">rus</subfield>
  </datafield>
  <datafield tag="102" ind1=" " ind2=" ">
    <subfield code="a">RU</subfield>
  </datafield>
  <datafield tag="105" ind1=" " ind2=" ">
    <subfield code="a">c   |||||||||</subfield>
  </datafield>
  <datafield tag="200" ind1="1" ind2=" ">
    <subfield code="a">&#x41F; - &#x42F;</subfield>
  </datafield>
  <datafield tag="215" ind1=" " ind2=" ">
    <subfield code="a">829, [1] &#x441;.</subfield>
    <subfield code="c">&#x43F;&#x43E;&#x440;&#x442;&#x440;.</subfield>
  </datafield>
  <datafield tag="461" ind1=" " ind2="0">
    <subfield code="1">001RU\NLR\bibl\1441529</subfield>
    <subfield code="1">2001#$a&#x420;&#x443;&#x441;&#x441;&#x43A;&#x430;&#x44F; &#x43B;&#x438;&#x442;&#x435;&#x440;&#x430;&#x442;&#x443;&#x440;&#x430; XX &#x432;&#x435;&#x43A;&#x430;. &#x41F;&#x440;&#x43E;&#x437;&#x430;&#x438;&#x43A;&#x438;, &#x43F;&#x43E;&#x44D;&#x442;&#x44B;, &#x434;&#x440;&#x430;&#x43C;&#x430;&#x442;&#x443;&#x440;&#x433;&#x438;$v&#x422;. 3</subfield>
    <subfield code="9">1416879</subfield>
    <subfield code="c">&#x41C;&#x43E;&#x441;&#x43A;&#x432;&#x430;</subfield>
    <subfield code="d">2005</subfield>
    <subfield code="f">&#x420;&#x43E;&#x441;. &#x430;&#x43A;&#x430;&#x434;. &#x43D;&#x430;&#x443;&#x43A;, &#x418;&#x43D;-&#x442; &#x440;&#x443;&#x441;. &#x43B;&#x438;&#x442;. (&#x41F;&#x443;&#x448;&#x43A;. &#x414;&#x43E;&#x43C;) [&#x438; &#x434;&#x440;.</subfield>
    <subfield code="n">&#x41E;&#x41B;&#x41C;&#x410;-&#x41F;&#x440;&#x435;&#x441;&#x441; &#x418;&#x43D;&#x432;&#x435;&#x441;&#x442;</subfield>
    <subfield code="o">&#x431;&#x438;&#x43E;&#x431;&#x438;&#x431;&#x43B;&#x438;&#x43E;&#x433;&#x440;&#x430;&#x444;&#x438;&#x447;&#x435;&#x441;&#x43A;&#x438;&#x439; &#x441;&#x43B;&#x43E;&#x432;&#x430;&#x440;&#x44C; : &#x432; 3 &#x442;.</subfield>
    <subfield code="t">&#x420;&#x443;&#x441;&#x441;&#x43A;&#x430;&#x44F; &#x43B;&#x438;&#x442;&#x435;&#x440;&#x430;&#x442;&#x443;&#x440;&#x430; XX &#x432;&#x435;&#x43A;&#x430;. &#x41F;&#x440;&#x43E;&#x437;&#x430;&#x438;&#x43A;&#x438;, &#x43F;&#x43E;&#x44D;&#x442;&#x44B;, &#x434;&#x440;&#x430;&#x43C;&#x430;&#x442;&#x443;&#x440;&#x433;&#x438;</subfield>
    <subfield code="y">5-94848-211-1</subfield>
    <subfield code="v">&#x422;. 3</subfield>
  </datafield>
  <datafield tag="801" ind1=" " ind2="0">
    <subfield code="a">RU</subfield>
    <subfield code="b">NLR</subfield>
    <subfield code="c">20091026</subfield>
    <subfield code="g">RCR</subfield>
  </datafield>
  <datafield tag="801" ind1=" " ind2="1">
    <subfield code="a">RU</subfield>
    <subfield code="b">NLR</subfield>
    <subfield code="c">20091026</subfield>
  </datafield>
  <datafield tag="942" ind1=" " ind2=" ">
    <subfield code="c">BOOK</subfield>
  </datafield>
  <datafield tag="980" ind1=" " ind2=" ">
    <subfield code="a">NB</subfield>
  </datafield>
  <datafield tag="995" ind1=" " ind2=" ">
    <subfield code="5">2009-10-26</subfield>
    <subfield code="a">ah</subfield>
    <subfield code="b">NLR01</subfield>
    <subfield code="c">NLR01</subfield>
    <subfield code="e">CSB</subfield>
    <subfield code="f">1-743037</subfield>
    <subfield code="k">&#x421; 2009-4/104</subfield>
    <subfield code="o">0</subfield>
    <subfield code="p">700.00</subfield>
    <subfield code="r">BOOK</subfield>
    <subfield code="s">_20094104</subfield>
  </datafield>
  <datafield tag="995" ind1=" " ind2=" ">
    <subfield code="5">2009-11-27</subfield>
    <subfield code="a">ah</subfield>
    <subfield code="b">NLR01</subfield>
    <subfield code="c">NLR01</subfield>
    <subfield code="e">CSB</subfield>
    <subfield code="f">1-743033</subfield>
    <subfield code="k">&#x421; 2009-4/104</subfield>
    <subfield code="o">0</subfield>
    <subfield code="p">900.00</subfield>
    <subfield code="r">BOOK</subfield>
    <subfield code="s">_20094104</subfield>
  </datafield>
  <datafield tag="995" ind1=" " ind2=" ">
    <subfield code="5">2012-02-16</subfield>
    <subfield code="a">ab</subfield>
    <subfield code="b">NLR02</subfield>
    <subfield code="c">NLR02</subfield>
    <subfield code="e">UCHZ</subfield>
    <subfield code="f">1-215958</subfield>
    <subfield code="k">&#x423; &#x428;5(2=&#x420;)7/&#x420;-892/3</subfield>
    <subfield code="o">0</subfield>
    <subfield code="p">1000.00</subfield>
    <subfield code="r">BOOK</subfield>
    <subfield code="s">_5278923</subfield>
  </datafield>
  <datafield tag="995" ind1=" " ind2=" ">
    <subfield code="5">2012-02-16</subfield>
    <subfield code="a">ab</subfield>
    <subfield code="b">NLR01</subfield>
    <subfield code="c">NLR01</subfield>
    <subfield code="e">IBO2</subfield>
    <subfield code="f">3597667</subfield>
    <subfield code="o">0</subfield>
    <subfield code="p">1000.00</subfield>
    <subfield code="r">BOOK</subfield>
  </datafield>
</record>
